|
|
|
|
| LEADER |
00000cam a2200000 c 4500 |
| 001 |
1724786555 |
| 003 |
DE-627 |
| 005 |
20251226185116.0 |
| 007 |
tu |
| 008 |
200714s2022 xxu||||| 00| ||eng c |
| 010 |
|
|
|a 2020031275
|
| 020 |
|
|
|a 9781544398730
|c paperback
|9 978-1-5443-9873-0
|
| 035 |
|
|
|a (DE-627)1724786555
|
| 035 |
|
|
|a (DE-599)KXP1724786555
|
| 040 |
|
|
|a DE-627
|b ger
|c DE-627
|e rda
|
| 041 |
|
|
|a eng
|
| 044 |
|
|
|c XD-US
|
| 050 |
|
0 |
|a HV9950
|
| 082 |
0 |
|
|a 364.973
|q LOC
|
| 100 |
1 |
|
|a Rennison, Callie Marie
|e VerfasserIn
|0 (DE-588)1071721208
|0 (DE-627)826285058
|0 (DE-576)319261360
|4 aut
|
| 109 |
|
|
|a Rennison, Callie Marie
|a Rennison, Callie
|
| 245 |
1 |
0 |
|a Introduction to criminal justice
|b systems, diversity, and change
|c Callie Marie Rennison, University of Colorado Denver, Mary Dodge, University of Colorado Denver
|
| 250 |
|
|
|a Fourth Edition
|
| 264 |
|
1 |
|a Los Angeles
|a London
|a New Delhi
|a Singapore
|a Washington DC
|a Melbourne
|b SAGE
|c [2022]
|
| 264 |
|
4 |
|c © 2022
|
| 300 |
|
|
|a xxvii, 380 Seiten
|b Illustrationen
|
| 336 |
|
|
|a Text
|b txt
|2 rdacontent
|
| 337 |
|
|
|a ohne Hilfsmittel zu benutzen
|b n
|2 rdamedia
|
| 338 |
|
|
|a Band
|b nc
|2 rdacarrier
|
| 650 |
|
0 |
|a Criminal justice, Administration of
|z United States
|
| 650 |
|
0 |
|a Crime
|z United States
|
| 700 |
1 |
|
|a Dodge, Mary
|d 1960-
|e VerfasserIn
|0 (DE-588)128734418
|0 (DE-627)707056918
|0 (DE-576)178589055
|4 aut
|
| 776 |
1 |
|
|z 9781544398747
|c epub
|
| 776 |
1 |
|
|z 9781544398754
|c epub
|
| 776 |
1 |
|
|z 9781544398761
|c ebook
|
| 856 |
4 |
2 |
|u https://swbplus.bsz-bw.de/bsz1724786555inh.htm
|m V:DE-576;B:DE-Frei85
|q application/pdf
|v 20210816193137
|3 Inhaltsverzeichnis
|7 1
|
| 935 |
|
|
|a mkri
|
| 951 |
|
|
|a BO
|
| ELC |
|
|
|b 1
|
| LOK |
|
|
|0 000 xxxxxcx a22 zn 4500
|
| LOK |
|
|
|0 001 3896742213
|
| LOK |
|
|
|0 003 DE-627
|
| LOK |
|
|
|0 004 1724786555
|
| LOK |
|
|
|0 005 20210810113408
|
| LOK |
|
|
|0 008 210329||||||||||||||||ger|||||||
|
| LOK |
|
|
|0 040
|a DE-Frei85
|c DE-627
|d DE-Frei85
|
| LOK |
|
|
|0 852
|a DE-Frei85
|
| LOK |
|
|
|0 852 1
|m p
|9 00
|
| LOK |
|
|
|0 938
|k p
|
| LOK |
|
|
|0 939
|a 29-03-21
|b l01
|
| ORI |
|
|
|a SA-MARC-krimdoka001.raw
|